| 000 | 00794nam a2200205Ia 4500 | ||
|---|---|---|---|
| 003 | Ost | ||
| 005 | 20260507075803.0 | ||
| 008 | 260507s9999||||xx |||||||||||||| ||und|| | ||
| 040 | _cfsecg | ||
| 041 | _aara | ||
| 082 | _a332.1 | ||
| 100 |
_aموسى، محمد ابراهيم _eمؤلف |
||
| 245 | 0 |
_aاندماج البنوك ومواجهة آثار العولمة / _c محمد ابراهيم موسى |
|
| 260 |
_aالاسكندرية : _bدار الجامعة الجديدة للنشر, _c2004 |
||
| 300 |
_a200 صفحة؛ _bإيضاحات ؛ _c24 سم |
||
| 504 | _aبيبليوغرافيا: ص ص.179-196 | ||
| 520 | _aيضم الإطار القانوني للإندماج، الإندماج المصرفي ضرورة عصرية. | ||
| 653 | _aالبنوك | ||
| 942 | _cكتاب | ||
| 999 |
_c46338 _d46338 |
||